Top 10 - Buteurs en Ligue 1 saison 20/21 - Statistiques

Statistiques générales
  • Ce quiz a été pris 53 fois
  • Le résultat moyen est 6 sur 10
Statistiques - réponses
Club Buts Joueur % Correct
Paris Saint-Germain 27 Kylian Mbappé
100%
AS Monaco 20 Wissam Ben Yedder
94%
Olympique Lyonnais 20 Memphis Depay
75%
Montpellier HSC 15 Andy Delort
71%
Montpellier HSC 16 Gaetan Laborde
69%
Lille OSC 16 Burak Yilmaz
40%
Olympique Lyonnais 14 Karl Toko Ekambi
35%
RC Strasbourg 16 Ludovic Ajorque
35%
AS Monaco 16 Kevin Volland
27%
OGC Nice 14 Terem Moffi
27%
Aucun quiz correspondant
Distribution des résultats
% des personnes avec chaque résultat
Percentile par nombre de réponses
Votre historique - résultats
Vous n’avez pas pris ce quiz